000 00878nam a2200193 i 4500
001 19701
003 ES-MaACL
005 20250807063205.0
007 t|
008 021008q1945 sp ||||1| spa d
100 1 _aAbollado Aribau, Carlos,
_d1902-1991
_918109
245 1 3 _aLa producción carbonífera en España :
_bjuicios y vaticinios sobre este problema básico de nuestra economía /
_cdel secretario técnico del Ministerio de Industria y Comercio y presidente de la Comisión Reguladora para la Distribución del Carbón [Carlos Abollado].
260 _a[Madrid :
_bs.n.,
_cca. 1945] (
_fGráf. Reunidas)
300 _a12 p. ;
_c32 cm.
595 _aSeparata de: Minería y metalurgía: revista oficial de minas, metalurgía y combustibles
650 4 _aIndustria del carbón-
_zEspaña.
_9156099
852 4 _aES-MaACL
_j1672-F-24
999 _c19701
_d19701